|
|
|
|
| LEADER |
00000nam0a2200000 4500 |
| 001 |
150004 |
| 005 |
20231031150057.0 |
| 010 |
|
|
|a 9785699267316
|
| 035 |
|
|
|a (RuTPU)RU\TPU\book\162615
|
| 090 |
|
|
|a 150004
|
| 100 |
|
|
|a 20081224d2008 m y0rusy50 ca
|
| 101 |
0 |
|
|a rus
|
| 102 |
|
|
|a RU
|
| 105 |
|
|
|a y z 000ay
|
| 200 |
1 |
|
|a Заговор русской принцессы
|e [роман]
|f Е. Е. Сухов
|
| 210 |
|
|
|a Москва
|c Эксмо
|d 2008
|
| 215 |
|
|
|a 352 с.
|
| 330 |
|
|
|a Слишком лихо начал править Русью новый царь Петр. Еще и власти у него полной нет, а искры от его начинаний уже летят в разные стороны, грозя в будущем подпалить основы старой державы. Поэтому боятся юного правителя пуще чужеземного врага. И больше всех — его родная сестра царевна Софья. Опасаясь потерять власть, она решает убить брата. План сложный, но тщательно продуманный. Из Стокгольма прибывает прелестная графиня Корф. Зная слабость Петра к прекрасному полу, коварная иностранка хочет выманить государя в Европу, где его ждет неминуемая гибель от руки наемного убийцы...
|
| 610 |
1 |
|
|a русская литература
|
| 610 |
1 |
|
|a романы
|
| 610 |
1 |
|
|a исторические романы
|
| 610 |
1 |
|
|a история
|
| 610 |
1 |
|
|a Россия
|
| 610 |
1 |
|
|a 17 век
|
| 675 |
|
|
|a Р2
|v 3
|
| 700 |
|
1 |
|a Сухов
|b Е. Е.
|g Евгений Евгеньевич
|
| 801 |
|
1 |
|a RU
|b 63413507
|c 20081224
|g PSBO
|
| 801 |
|
2 |
|a RU
|b 63413507
|c 20090112
|g PSBO
|
| 942 |
|
|
|c BK
|